Countries By Google Maps Screenshots #2 - Statistics

General Stats
  • This quiz has been taken 220 times
  • The average score is 14 of 16
Answer Stats
Picture Answer % Correct
United States | Mexico
100%
Italy | Vatican City
99%
Morocco | Spain
98%
China
97%
Israel | Jordan | Lebanon | Syria
97%
Laos | Thailand | Vietnam
95%
El Salvador | Guatemala | Honduras
91%
Guyana | Suriname
89%
Bangladesh | Bhutan | India | Nepal
86%
New Zealand
86%
Australia | Indonesia | Papua New Guinea
84%
Bulgaria | Greece | Turkey
81%
Kyrgyzstan | Tajikistan | Uzbekistan
81%
Myanmar | Thailand
77%
Angola | D.R. Congo | Gabon | Republic of the Congo
74%
Philippines
73%
No matching quizzes found
Score Distribution
Percent of People with Each Score
Percentile by Number Answered
Your Score History
You have not taken this quiz